WM Kader 2022 Niederlande - Statistiken

Allgemein
  • Dieses Quiz wurde 80 mal gespielt
  • Das Durchschnittsergebnis liegt bei 15 aus 27
Antwortstatistiken
Position NR. Verein Antwort % Korrekt
DF 4 Liverpool Virgil van Dijk
97%
DF 3 Bayern München Matthijs de Ligt
93%
MF 21 Barcelona Frenkie de Jong
90%
ST 9 PSV Luuk de Jong
90%
DF 5 Manchester City Nathan Ake
85%
DF 26 Bayer Leverkusen Jeremie Frimpong
82%
ST 10 Barcelona Memphis Depay
79%
DF 22 Inter Denzel Dumfries
75%
DF 6 Inter Stefan de Vrij
75%
ST 19 Besiktas Wout Weghorst
65%
DF 17 Ajax Daley Blind
62%
Coach - Niederlande Louis van Gaal
57%
MF 15 Atalanta Marten de Roon
49%
MF 20 Atalanta Teum Koopmeiners
49%
ST 8 PSV Cody Gakpo
44%
GK 13 Feyenoord Justin Bijlow
40%
ST 7 Ajax Steven Bergwijn
40%
GK 23 Heerenveen Andries Noppert
38%
ST 12 Club Brugge Noa Lang
38%
MF 11 Ajax Steven Berghuis
38%
DF 2 Ajax Jurrien Timber
35%
MF 25 PSV Xavi Simmons
34%
DF 16 Manchester United Tyrell Malacia
31%
GK 1 Ajax Remko Pasveer
29%
MF 24 Ajax Kenneth Taylor
22%
ST 18 Royal Antwerp Vincent Janssen
21%
MF 14 Ajax Davy Klaassen
4%
Keine übereinstimmenden Quizze gefunden
Verteilung der Resultate
Anzahl Personen mit jedem Resultat
Perzentil nach korrekt beantworteten Fragen
Ihre Resultats-Entwicklung
Sie haben dieses Quiz noch nicht gespielt